000 00314 a2200157 4500
001 58257
020 _a8598559075
040 _cAnchieta - Pituba
100 _aAlencar, José de
240 1 0 _aIracema
_lpor
245 1 0 _aIracema
300 _a143
362 0 _a0
650 4 _aFicção brasileira
942 _cBK
999 _c58257
_d58257